Company Law (Record no. 190700)

MARC details
000 -LEADER
fixed length control field 00461nam a2200193Ia 4500
008 - FIXED-LENGTH DATA ELEMENTS--GENERAL INFORMATION
fixed length control field 240823s9999||||xx |||||||||||||| ||und||
020 ## - INTERNATIONAL STANDARD BOOK NUMBER
International Standard Book Number 978-81-259-2528-6
082 ## - DEWEY DECIMAL CLASSIFICATION NUMBER
-- 346.066 Q0
100 ## - MAIN ENTRY--PERSONAL NAME
Personal name Ashok K Bagrial
245 #0 - TITLE STATEMENT
Title Company Law
250 ## - EDITION STATEMENT
Edition statement 12th
260 ## - PUBLICATION, DISTRIBUTION, ETC. (IMPRINT)
Date of publication, distribution, etc 2010
Name of publisher, distributor, etc Vikas Publishing New Delhi
500 ## - GENERAL NOTE
General note YES
650 ## - SUBJECT ADDED ENTRY--TOPICAL TERM
Topical term or geographic name as entry element Company Law
942 ## - ADDED ENTRY ELEMENTS (KOHA)
Item type Books
Holdings
Withdrawn status Lost status Damaged status Permanent location Current location Shelving location Date acquired Source of acquisition Cost, normal purchase price Full call number Barcode Date last seen Koha item type
      CENTRAL LIBRARY, NOORUL ISLAM CENTRE FOR HIGHER EDUCATION CENTRAL LIBRARY, NOORUL ISLAM CENTRE FOR HIGHER EDUCATION   05/11/2012 Higginbothams Private Ltd 355.00 346.066 Q0 42895 08/23/2024 Books
Visitors:
Copyright © 2024 Central Library NICHE.  All rights reserved.